অদ্ভুত সব উপন্যাস / (Record no. 756)
[ view plain ]
| 000 -LEADER | |
|---|---|
| fixed length control field | 00696nam a2200229 a 4500 |
| 001 - CONTROL NUMBER | |
| JCCL Control Number | 756 |
| 003 - CONTROL NUMBER IDENTIFIER | |
| JCCL marc code | BD-JhCC |
| 005 - DATE AND TIME OF LATEST TRANSACTION | |
| control field | 20190418134016.0 |
| 008 - FIXED-LENGTH DATA ELEMENTS--GENERAL INFORMATION | |
| fixed length control field | 171009s2007 b |||| |||| 000 0 ben d |
| 020 ## - INTERNATIONAL STANDARD BOOK NUMBER | |
| International Standard Book Number | 9848683543 |
| 035 ## - SYSTEM CONTROL NUMBER | |
| system control number | (BD-JhCC)756 |
| 040 ## - CATALOGING SOURCE | |
| Original cataloging agency | BD-JhCC |
| Modifying agency | BD-JhCC |
| 041 ## - LANGUAGE CODE | |
| Language code of Book | ben |
| 082 ## - DEWEY DECIMAL CLASSIFICATION NUMBER | |
| Classification number | 891.443 |
| Author mark and Year | HUM 2007 |
| 100 ## - MAIN ENTRY--PERSONAL NAME | |
| Personal name | আহমেদ, হুমায়ূন. |
| 245 ## - TITLE STATEMENT | |
| Title | অদ্ভুত সব উপন্যাস / |
| Statement of responsibility, etc | হুমায়ূন আহমেদ . |
| 260 ## - PUBLICATION, DISTRIBUTION, ETC. (IMPRINT) | |
| Place of publication, distribution, etc | ঢাকা: |
| Name of publisher, distributor, etc | অন্য প্রকাশ, |
| Date of publication, distribution, etc | ২০০৭. |
| 300 ## - PHYSICAL DESCRIPTION | |
| Pagination | ৩৬৭ পৃ: |
| Dimensions | ২১ সেমি: |
| 650 ## - SUBJECT ADDED ENTRY--TOPICAL TERM | |
| Topical term or geographic name as entry element | Bengali Novel |
| 942 ## - ADDED ENTRY ELEMENTS (KOHA) | |
| Source of classification or shelving scheme | Dewey Decimal Classification |
| Koha item type | Books |
| Koha issues (borrowed), all copies | 2 |
| Source of classification or shelving scheme | Damaged status | Not for loan | Home library | Current library | Shelving location | Date of accession | Total Checkouts | Full call number | Barcode | Date last seen | Date checked out | Copy number | Koha item type |
|---|---|---|---|---|---|---|---|---|---|---|---|---|---|
| Dewey Decimal Classification | JCC Rouf Library | JCC Rouf Library | General Stacks | 10/09/2017 | 2 | 891.443 HUM 2007 | 1639 | 06/25/2019 | 04/17/2019 | C-1 | Books |